Black people in movies - Statistics

General Stats
  • This quiz has been taken 380 times
  • The average score is 6 of 15
Answer Stats
Hint Answer % Correct
Men in Black,After Earth, I am Legend Will Smith
89%
Remember the Titans, Flight, Malcom X Denzel Washington
77%
Pulp Fiction, The Other Guys Samuel L Jackson
76%
The Shawshank Redemption, The Dark Knight Morgan Freeman
72%
Django Unchained, Horrible Bosses Jamie Fox
66%
The color Purple, Lethal Weapon Danny Glover
47%
The Lion King, Star Wars James Earl Jones
45%
The color Purple, Ghost Whoopi Goldberg
38%
Iron Man 2, Traitor Don Cheadle
35%
The Butler, The Last king of Scotland Forest Whitaker
33%
Mandela Long walk to freedom, Prometheus, Thor Idris Elba
29%
The Green Mile, Kung Fu Panda Michael Clarke Duncan
18%
Holes, The Emperors New Groove Eartha Kitt
4%
Casablanca Dooley Wilson
2%
American Gangster, Do the right thing Ruby Dee
1%
No matching quizzes found
Score Distribution
Percent of People with Each Score
Percentile by Number Answered
Your Score History
You have not taken this quiz